[Event "Pereira GP op 2nd"]
[Site "Pereira"]
[Date "2023.10.21"]
[Round "1"]
[White "Cuellar, Nelly Yohanna"]
[Black "Agudelo Gonzalez, Horacio"]
[Result "0-1"]
[WhiteElo "1589"]
[BlackElo "1566"]
[PlyCount "87"]
[EventDate "2023.10.21"]
[EventType "swiss"]
[EventRounds "6"]
[EventCountry "COL"]
[SourceTitle "Mega2024 Update 01"]
[Source "Chessbase"]
[SourceDate "2023.11.12"]
[SourceVersion "1"]
[SourceVersionDate "2023.11.12"]
[SourceQuality "1"]

1. e4 e5 2. Nf3 Nc6 3. Bb5 d6 4. 0-0 Nf6 5. d4 exd4 6. Nxd4 Bd7 7. Bg5 h6 8. Bh4 a6 9. Bxc6 Bxc6 10. Nxc6 bxc6 11. Nc3 Be7 12. Qf3 0-0 13. Rad1 Nd7 14. Bg3 Re8 15. Rfe1 Rb8 16. b3 Bh4 17. Qg4 Bxg3 18. Qxg3 Nc5 19. Ne2 Re6 20. f4 Rg6 21. Qh3 Nd7 22. Nd4 Rb6 23. a4 c5 24. Nf3 Re6 25. e5 Rb4 26. f5 Re8 27. e6 Nf6 28. Ne5 fxe6 29. Nc6 Qc8 30. Nxb4 cxb4 31. fxe6 Qb7 32. Qf3 Qb6+ 33. Kh1 Qc5 34. Rc1 d5 35. h3 c6 36. Qf5 Qe7 37. c3 Rf8 38. cxb4 Ne4 39. Qe5 Nf2+ 40. Kh2 Nd3 41. Qe3 Nxc1 42. Rxc1 Qd6+ 43. Kh1 Re8 44. Qf3 0-1